Double Word Squares Quiz Stats

Quiz Updated Mar 28, 2012

Also try: Sporcle Crossword
Challenge
Share
Tweet
Embed
Score 0/24 Timer 02:00
0 Plays Today
Clues letter % Correct
1 Down:
Slightly open
Α
96.7%
1 Down:
Slightly open
R
94.1%
3 Down:
Fateful March date
Ε
92.7%
1 Down:
Slightly open
Α
91.5%
1 Down:
Slightly open
J
91.3%
1 Down:
Slightly open
AJAR
90.6%
4 Down: 'What ____ thou say, Iago?' Shak.Ѕ
90.5%
2 Down:
Robert Smith's Band
R
90.1%
3 Down:
Fateful March date
Ѕ
89.9%
Across
clues
ARES
86.9%
4 Down: 'What ____ thou say, Iago?' Shak.Τ
86.4%
2 Down:
Robert Smith's Band
Ε
86.3%
Clues letter % Correct
3 Down:
Fateful March date
D
84.4%
3 Down:
Fateful March date
Ι
82.4%
Across
clues
REST
82.3%
3 Down:
Fateful March date
IDES
81%
4 Down: 'What ____ thou say, Iago?' Shak.O
79.5%
2 Down:
Robert Smith's Band
78.9%
4 Down: 'What ____ thou say, Iago?' Shak.D
77.9%
4 Down: 'What ____ thou say, Iago?' Shak.DOST
75.7%
2 Down:
Robert Smith's Band
С
74.5%
Across
clues
JUDO
73.7%
2 Down:
Robert Smith's Band
CURE
72.2%
Across
clues
ACID
68.5%

You're not logged in!

Compare scores with friends on all Sporcle quizzes.
Sign Up with Email
OR
Log In

You Might Also Like...

Show Comments

Extras

Top Quizzes Today


Score Distribution

Your Account Isn't Verified!

In order to create a playlist on Sporcle, you need to verify the email address you used during registration. Go to your Sporcle Settings to finish the process.

Report this User

Report this user for behavior that violates our Community Guidelines.

Details: